[Event "ONJK 2018 C"]
[Site "Borne, Netherlands"]
[Date "2018.08.10"]
[Round "8.4"]
[White "Rogge, Parcival"]
[Black "Slagboom, Leandro"]
[Result "0-1"]
[WhiteElo "1728"]
[BlackElo "1632"]
[PlyCount "94"]
[EventDate "2018.??.??"]

1. e4 c5 2. Nf3 d6 3. c3 Nf6 4. Bd3 Bg4 5. Bc2 Nc6 6. h3 Bh5 7. d3 e6 8. Nbd2
Be7 9. Nf1 O-O 10. Ng3 Bg6 11. O-O b5 12. Nh2 b4 13. f4 h6 14. Qf3 Rc8 15. Ne2
d5 16. g4 bxc3 17. bxc3 d4 18. c4 e5 19. f5 Bh7 20. g5 hxg5 21. Bxg5 Nd7 22.
Bxe7 Qxe7 23. Ng4 Nf6 24. Kh2 Rb8 25. Rab1 Nb4 26. Bb3 Nxg4+ 27. Qxg4 f6 28.
Rf3 Rb7 29. Rg1 Nxa2 30. Bxa2 Rb2 31. Rfg3 Rxa2 32. Qxg7+ Qxg7 33. Rxg7+ Kh8
34. R7g2 Rb8 35. Ng3 Rxg2+ 36. Rxg2 Rb3 37. Rd2 a5 38. Ne2 a4 39. Nc1 Rb1 40.
Rc2 a3 41. Kg2 Rb2 42. Rf2 Bxf5 43. exf5 e4 44. dxe4 d3 45. Na2 d2 46. Nc3 d1=Q
47. Nxd1 Rxf2+ 0-1

[Event "ONJK 2018 C"]
[Site "Borne, Netherlands"]
[Date "2018.08.10"]
[Round "8.5"]
[White "DHaenens, Leon"]
[Black "Albers, Sasa"]
[Result "1/2-1/2"]
[WhiteElo "1565"]
[BlackElo "1713"]
[PlyCount "68"]
[EventDate "2018.??.??"]

1. c4 Nf6 2. g3 e6 3. Bg2 d5 4. cxd5 exd5 5. Nf3 Be7 6. O-O O-O 7. b3 c6 8. Bb2
Nbd7 9. d3 Re8 10. a3 Nf8 11. Nbd2 Ng6 12. Rc1 h5 13. e3 Bd6 14. h3 Bf5 15. Qe2
Qd7 16. Kh2 h4 17. Nd4 Be6 18. Nxe6 Qxe6 19. Rce1 Be5 20. Bxe5 Qxe5 21. d4 Qd6
22. b4 a5 23. Rb1 axb4 24. axb4 Ra4 25. Qd3 Rxb4 26. Rxb4 Qxb4 27. Rb1 Qe7 28.
g4 Ra8 29. Qb3 b5 30. Qc2 Qd6+ 31. Kg1 Ra6 32. f4 Ra3 33. Kf2 Qe6 34. Re1 Qd6
1/2-1/2

[Event "ONJK 2018 C"]
[Site "Borne, Netherlands"]
[Date "2018.08.10"]
[Round "8.6"]
[White "De Putter, Nina"]
[Black "De Jong, Mats"]
[Result "1-0"]
[WhiteElo "1621"]
[BlackElo "1600"]
[PlyCount "83"]
[EventDate "2018.??.??"]

1. e4 c5 2. Nc3 Nc6 3. f4 e6 4. Nf3 d5 5. Bb5 Nge7 6. O-O a6 7. Bxc6+ Nxc6 8.
d3 Be7 9. Qe1 O-O 10. Kh1 b5 11. Qg3 Kh8 12. Qh3 e5 13. f5 dxe4 14. dxe4 Bb7
15. Nd5 f6 16. Nh4 Kg8 17. Rd1 Nd4 18. c3 Bxd5 19. exd5 Ne2 20. Ng6 Nf4 21.
Bxf4 exf4 22. Nxf8 Bxf8 23. Qf3 Bd6 24. Re1 Be5 25. d6 Bxd6 26. Rad1 Ra7 27.
Qd5+ Kf8 28. Qxd6+ Qxd6 29. Rxd6 Kf7 30. Red1 Ke7 31. Re6+ Kf7 32. Rdd6 b4 33.
Rxa6 Rd7 34. h3 h5 35. cxb4 cxb4 36. a3 bxa3 37. Rxa3 Kg8 38. Ra8+ Kh7 39. Ree8
Kh6 40. h4 g5 41. Rh8+ Kg7 42. Rag8+ 1-0

[Event "ONJK 2018 C"]
[Site "Borne, Netherlands"]
[Date "2018.08.10"]
[Round "8.7"]
[White "John, Niklas"]
[Black "Beukema, Constantijn"]
[Result "0-1"]
[WhiteElo "1327"]
[BlackElo "1758"]
[PlyCount "154"]
[EventDate "2018.??.??"]

1. e4 e5 2. Nf3 Nc6 3. Bc4 Bc5 4. d3 d6 5. c3 Nf6 6. O-O h6 7. Re1 O-O 8. h3
Ne7 9. Nbd2 Ng6 10. d4 Bb6 11. Nf1 exd4 12. Nxd4 d5 13. exd5 Nxd5 14. Qf3 Nf6
15. Be3 Ne5 16. Qe2 Nxc4 17. Qxc4 c5 18. Nf3 Be6 19. Qh4 Nd5 20. Ng3 Qxh4 21.
Nxh4 Nxe3 22. Rxe3 Rad8 23. Re2 c4 24. Nf3 Rd3 25. Rae1 Rfd8 26. Kh1 Rd1 27.
Rxd1 Rxd1+ 28. Kh2 Kf8 29. Ne5 Bc7 30. Nf3 b5 31. Nd4 Bd7 32. a3 a5 33. b3 Rd3
34. Re3 Rxe3 35. fxe3 Ke7 36. bxc4 bxc4 37. Nde2 g5 38. Kg1 Bd6 39. Ne4 Bxa3
40. Nd2 Be6 41. Nd4 Bb2 42. Nc6+ Kd7 43. Nxa5 Bxc3 44. Naxc4 Kc6 45. Ne4 Bg7
46. Ncd2 f5 47. Nf2 Bc3 48. Nb1 Ba5 49. e4 Ba2 50. Na3 Bb3 51. exf5 Bb4 52. Ng4
Bxa3 53. Nxh6 Kd6 54. Kf2 Ke5 55. Kf3 Bf8 56. Ng4+ Kxf5 57. Ne3+ Kg6 58. Kg3
Bd6+ 59. Kf3 Bf4 60. g3 Bxe3 61. Kxe3 Kf5 62. h4 g4 63. Kd3 Bf7 64. Ke3 Ke5 65.
Kd3 Bg6+ 66. Ke3 Bh7 67. Ke2 Ke4 68. Kf2 Kd3 69. h5 Kd2 70. h6 Kd3 71. Kg2 Ke2
72. Kg1 Kf3 73. Kh2 Kf2 74. Kh1 Kxg3 75. Kg1 Kh3 76. Kf2 g3+ 77. Kf1 Kh2 0-1

[Event "ONJK 2018 C"]
[Site "Borne, Netherlands"]
[Date "2018.08.10"]
[Round "8.8"]
[White "Bogouslavskii, Veronique"]
[Black "Hatzmann, Mirthe"]
[Result "1/2-1/2"]
[WhiteElo "1105"]
[BlackElo "1378"]
[PlyCount "41"]
[EventDate "2018.??.??"]

1. d4 d5 2. c4 c6 3. Nc3 Nf6 4. Nf3 e6 5. e3 Nbd7 6. Qc2 Bd6 7. Bd3 O-O 8. O-O
h6 9. Re1 Re8 10. e4 dxe4 11. Nxe4 Nxe4 12. Bxe4 Nf6 13. Bd3 c5 14. dxc5 Bxc5
15. b3 b6 16. Bb2 Bb7 17. Rad1 Qe7 18. Ne5 Rad8 19. Qe2 Bd4 20. Bxd4 Rxd4 21.
Bh7+ 1/2-1/2

[Event "ONJK 2018 C"]
[Site "Borne, Netherlands"]
[Date "2018.08.10"]
[Round "8.9"]
[White "Bleeker, Kasper"]
[Black "Verheij, Dana"]
[Result "1-0"]
[WhiteElo "1897"]
[BlackElo "1479"]
[PlyCount "71"]
[EventDate "2018.??.??"]

1. e4 c5 2. d4 cxd4 3. c3 dxc3 4. Nxc3 d6 5. Nf3 g6 6. Bc4 Bg7 7. O-O Nc6 8.
Qe2 Bg4 9. Bxf7+ Kxf7 10. Ng5+ Ke8 11. Qxg4 Nf6 12. Qe6 Rf8 13. Qb3 Nd7 14. Ne6
Nc5 15. Nxg7+ Kd7 16. Qc4 Ne5 17. Qb5+ Nc6 18. Rd1 a6 19. Qxc5 Rg8 20. e5 Rxg7
21. exd6 Ke8 22. d7+ Kf8 23. Bh6 Kg8 24. Bxg7 Kxg7 25. Ne4 Qf8 26. Ng5 Qf6 27.
Re1 e5 28. Ne4 Qf5 29. Rad1 Nd4 30. Qe7+ Kh6 31. d8=Q Rxd8 32. Qxd8 Qg4 33.
Qf8+ Kh5 34. Nf6+ Kh4 35. Nxg4 Kxg4 36. Rxe5 1-0

[Event "ONJK 2018 C"]
[Site "Borne, Netherlands"]
[Date "2018.08.10"]
[Round "8.10"]
[White "Westerhof, Jannes"]
[Black "Den Heijer, Rolinde"]
[Result "1/2-1/2"]
[WhiteElo "1737"]
[BlackElo "1391"]
[PlyCount "59"]
[EventDate "2018.??.??"]

1. e4 e5 2. Nf3 Nc6 3. d4 exd4 4. Nxd4 Nf6 5. Nc3 Bb4 6. Nxc6 Bxc3+ 7. bxc3
bxc6 8. Bg5 Qe7 9. Bd3 Qe5 10. Bxf6 Qxf6 11. Qd2 O-O 12. O-O d6 13. c4 Be6 14.
Rad1 Qb2 15. c3 Rab8 16. Qc2 Qa3 17. Rb1 Qc5 18. Qe2 Rb6 19. Rfc1 Rfb8 20. Qf1
g6 21. h3 Rxb1 22. Rxb1 Rxb1 23. Qxb1 Qb6 24. Qb3 Kg7 25. Kf1 Qc5 26. Qb4 Qb6
27. Qxb6 cxb6 28. f4 f6 29. Ke2 h6 30. Kf3 1/2-1/2

[Event "ONJK 2018 C"]
[Site "Borne, Netherlands"]
[Date "2018.08.10"]
[Round "8.11"]
[White "Baselmans, Daan"]
[Black "Yannopapas, Leontios"]
[Result "1/2-1/2"]
[WhiteElo "1630"]
[BlackElo "1276"]
[PlyCount "56"]
[EventDate "2018.??.??"]

1. e4 c5 2. Nf3 g6 3. d4 cxd4 4. Nxd4 Bg7 5. Be3 Nc6 6. f3 Qb6 7. Nf5 Qxb2 8.
Nxg7+ Qxg7 9. Nd2 Nb4 10. Bd3 Nxd3+ 11. cxd3 Nf6 12. Nb3 O-O 13. O-O b6 14. Rc1
Bb7 15. Qd2 Rfc8 16. Bh6 Qh8 17. Qg5 Re8 18. g4 d5 19. Rc7 Bc8 20. Rfc1 dxe4
21. dxe4 Nd7 22. Qd5 Rb8 23. Rxc8 Rbxc8 24. Rxc8 Rxc8 25. Qxd7 Qc3 26. Kg2 Qc7
27. Qd4 Qc3 28. Qd7 Qc7 1/2-1/2

[Event "ONJK 2018 C"]
[Site "Borne, Netherlands"]
[Date "2018.08.10"]
[Round "8.12"]
[White "Hubers, Daan"]
[Black "Krohmer, Eric"]
[Result "1-0"]
[WhiteElo "1567"]
[BlackElo "1210"]
[PlyCount "46"]
[EventDate "2018.??.??"]

1. b4 d5 2. Bb2 Bf5 3. Nf3 e6 4. e3 Nd7 5. c4 Ngf6 6. c5 c6 7. a4 a5 8. d4 Be7
9. b5 Rb8 10. b6 Ne4 11. Nbd2 O-O 12. Nxe4 Bxe4 13. Bc3 Nf6 14. Bd3 Bxd3 15.
Qxd3 Ne4 16. Bxa5 Bf6 17. Nd2 Nxd2 18. Bxd2 e5 19. O-O Re8 20. a5 exd4 21. exd4
Bg5 22. Bxg5 Qxg5 23. a6 Re7 1-0

[Event "ONJK 2018 C"]
[Site "Borne, Netherlands"]
[Date "2018.08.10"]
[Round "8.13"]
[White "Tiggelman, Vincent"]
[Black "Van Kuijk, Vadim"]
[Result "0-1"]
[WhiteElo "1376"]
[BlackElo "1545"]
[PlyCount "62"]
[EventDate "2018.??.??"]

1. e4 c5 2. Nc3 e6 3. f4 d5 4. Nf3 a6 5. d3 Nc6 6. g3 g6 7. Bg2 Bg7 8. e5 f6 9.
exf6 Nxf6 10. O-O O-O 11. Re1 b5 12. Ng5 Re8 13. Be3 Qb6 14. Bf2 Ra7 15. Qe2
Rae7 16. Rab1 h6 17. Nf3 Kf7 18. b4 d4 19. bxc5 Qxc5 20. Ne4 Nxe4 21. Qxe4 e5
22. Nh4 Re6 23. f5 gxf5 24. Qxf5+ Rf6 25. Qh5+ Kf8 26. Bxc6 Qxc6 27. Re2 Bb7
28. Re4 Qxc2 29. Rf1 Bxe4 30. dxe4 Qxe4 31. a3 Re7 0-1

[Event "ONJK 2018 C"]
[Site "Borne, Netherlands"]
[Date "2018.08.10"]
[Round "8.14"]
[White "De Heij, Mees"]
[Black "Buijnsters, Floris"]
[Result "1-0"]
[WhiteElo "1516"]
[BlackElo "846"]
[PlyCount "65"]
[EventDate "2018.??.??"]

1. d4 d5 2. c4 e6 3. Nc3 Nf6 4. Bg5 Be7 5. Nf3 Nc6 6. e3 h6 7. Bh4 g5 8. Bg3 b6
9. cxd5 exd5 10. Bb5 Bb7 11. Ne5 h5 12. Nxc6 Bxc6 13. Bxc6+ Nd7 14. Bxa8 Qxa8
15. h3 Qc6 16. Qb3 Nf6 17. Be5 O-O 18. Bxf6 Qxf6 19. Nxd5 Qd6 20. Nxe7+ Qxe7
21. Rc1 Rd8 22. Qa3 c5 23. O-O g4 24. hxg4 hxg4 25. dxc5 Qh4 26. e4 Kg7 27. Qg3
Qh5 28. c6 Rh8 29. f3 Kf8 30. c7 Ke7 31. c8=Q Rxc8 32. Rxc8 Kf6 33. fxg4+ 1-0

[Event "ONJK 2018 C"]
[Site "Borne, Netherlands"]
[Date "2018.08.10"]
[Round "8.15"]
[White "Maes, Zayd"]
[Black "Wiggers, Finn"]
[Result "1/2-1/2"]
[WhiteElo "1379"]
[BlackElo "802"]
[PlyCount "134"]
[EventDate "2018.??.??"]

1. e4 e5 2. Nf3 Nc6 3. Bc4 Be7 4. d4 exd4 5. Nxd4 Nf6 6. Nc3 O-O 7. Nf3 d6 8.
Be3 Be6 9. Bb3 Ne5 10. Bxe6 Nxf3+ 11. Qxf3 fxe6 12. Qe2 d5 13. O-O-O c6 14. f3
e5 15. exd5 cxd5 16. Nxd5 Nxd5 17. Qc4 Kh8 18. Rxd5 Qb8 19. Qe4 Bf6 20. g4 Re8
21. h4 Qc7 22. g5 Bd8 23. f4 Qc6 24. fxe5 Bc7 25. Rhd1 Rac8 26. Qd3 g6 27. Rd7
Bxe5 28. h5 Bg7 29. hxg6 hxg6 30. Qb3 Rxe3 31. Rd8+ Re8 32. Qh3+ Kg8 33. Rxc8
Rxc8 34. Rd2 Re8 35. Rh2 Kf7 36. Rf2+ Ke7 37. Qh7 Kd8 38. Rd2+ Kc8 39. Qxg7 Qe4
40. Qd7+ Kb8 41. Qd6+ Kc8 42. Qc5+ Kb8 43. Qd5 Qe1+ 44. Rd1 Qe3+ 45. Qd2 Qb6
46. Qf4+ Kc8 47. Qg4+ Kb8 48. Qg3+ Kc8 49. Rd3 Re7 50. Rc3+ Rc7 51. Rxc7+ Qxc7
52. Qxc7+ Kxc7 53. Kd2 Kd6 54. c4 Ke5 55. Ke3 Kf5 56. b4 Kxg5 57. b5 b6 58. a4
Kh4 59. a5 bxa5 60. c5 a4 61. c6 a3 62. c7 a2 63. c8=Q a1=Q 64. Qc4+ Kh5 65.
Qe2+ Kh6 66. Qh2+ Kg7 67. Qc7+ Kh6 1/2-1/2

[Event "ONJK 2018 C"]
[Site "Borne, Netherlands"]
[Date "2018.08.10"]
[Round "8.16"]
[White "Kretschmer, Sven"]
[Black "Klein, Lucas"]
[Result "1/2-1/2"]
[WhiteElo "1340"]
[BlackElo "1515"]
[PlyCount "61"]
[EventDate "2018.??.??"]

1. e4 c5 2. Nf3 Nf6 3. Nc3 Nc6 4. Be2 d6 5. d3 g6 6. Bg5 Bg7 7. O-O O-O 8. d4
cxd4 9. Nxd4 Nd7 10. Nxc6 bxc6 11. Qd2 Re8 12. Rfd1 Nb6 13. Rab1 Bb7 14. h3 Qc7
15. Qe3 f6 16. Bh6 d5 17. exd5 cxd5 18. Bf3 e5 19. Nxd5 Nxd5 20. Bxd5+ Bxd5 21.
Rxd5 Qxc2 22. Rdd1 Re7 23. Bxg7 Kxg7 24. Rdc1 Qa4 25. a3 Rb8 26. Qc5 Reb7 27.
Rc2 Qb3 28. Rc3 Qa2 29. Rcc1 Qb3 30. Rc3 Qa2 31. Rcc1 1/2-1/2

[Event "ONJK 2018 C"]
[Site "Borne, Netherlands"]
[Date "2018.08.10"]
[Round "8.17"]
[White "Visser, Barto"]
[Black "Naessens, Wolf"]
[Result "1-0"]
[WhiteElo "1054"]
[BlackElo "1456"]
[PlyCount "45"]
[EventDate "2018.??.??"]

1. e4 e5 2. f4 Bc5 3. Nf3 d6 4. Nc3 Nc6 5. Bb5 Bg4 6. h3 Bxf3 7. Qxf3 a6 8.
Bxc6+ bxc6 9. fxe5 dxe5 10. Qg3 Nf6 11. Qxe5+ Qe7 12. Qxe7+ Kxe7 13. d3 Rab8
14. b3 Bd4 15. Bb2 Rhd8 16. O-O-O c5 17. Rhe1 c6 18. Kb1 Nh5 19. Rf1 Ng3 20.
Rf3 Bxc3 21. Bxc3 Nh5 22. g4 Nf6 23. Rdf1 1-0

[Event "ONJK 2018 C"]
[Site "Borne, Netherlands"]
[Date "2018.08.10"]
[Round "8.19"]
[White "Wiggers, Yannick"]
[Black "Joosse, Zofyra"]
[Result "1/2-1/2"]
[WhiteElo "1316"]
[BlackElo "1204"]
[PlyCount "58"]
[EventDate "2018.??.??"]

1. e4 e5 2. Nf3 Nc6 3. d4 exd4 4. Nxd4 Nxd4 5. Qxd4 d6 6. Bc4 Be6 7. Bb3 Nf6 8.
Nc3 Be7 9. O-O O-O 10. f4 Nd7 11. Nd5 Bxd5 12. Bxd5 c6 13. Bb3 d5 14. Be3 dxe4
15. Qxe4 Nf6 16. Qf3 Qc7 17. Rad1 Rad8 18. c3 b6 19. Bd4 c5 20. Be5 Qc8 21. h3
Qf5 22. Rfe1 Rxd1 23. Qxd1 Rd8 24. Qe2 h6 25. Bc2 Qd7 26. Rd1 Qe6 27. Rxd8+
Bxd8 28. Qd3 Be7 29. Bb3 Qd7 1/2-1/2

[Event "ONJK 2018 C"]
[Site "Borne, Netherlands"]
[Date "2018.08.10"]
[Round "8.20"]
[White "Maris, Lauri"]
[Black "Schoonhoven, Mark"]
[Result "1/2-1/2"]
[WhiteElo "1510"]
[BlackElo "1284"]
[PlyCount "58"]
[EventDate "2018.??.??"]

1. e4 e5 2. Nf3 Nc6 3. Bb5 Bc5 4. d3 Nf6 5. O-O d6 6. Bg5 Bg4 7. Nbd2 a6 8.
Bxc6+ bxc6 9. Qe1 O-O 10. c3 Rb8 11. Rb1 Re8 12. Qc1 d5 13. exd5 cxd5 14. Re1
Qd6 15. Qc2 e4 16. dxe4 Bxf3 17. Nxf3 Nxe4 18. Be3 Bxe3 19. Rxe3 Nf6 20. Rbe1
Rxe3 21. Rxe3 Ng4 22. Re1 g6 23. b3 c5 24. h3 Nf6 25. Qd3 Rd8 26. Rd1 Ne4 27.
Nd2 Nf6 28. Nf3 Ne4 29. Nd2 Nf6 1/2-1/2

[Event "ONJK 2018 C"]
[Site "Borne, Netherlands"]
[Date "2018.08.11"]
[Round "9.1"]
[White "De Rycke, Tyani"]
[Black "Mainka, Alwin"]
[Result "1-0"]
[WhiteElo "1766"]
[BlackElo "1631"]
[PlyCount "75"]
[EventDate "2018.??.??"]

1. e4 c5 2. Nc3 Nc6 3. g3 d6 4. Bg2 Nf6 5. d3 e6 6. Be3 Be7 7. h3 a6 8. Qd2 Qc7
9. Nge2 Rb8 10. O-O b5 11. f4 Bb7 12. f5 e5 13. g4 h6 14. Ng3 Nd4 15. Nd1 Rd8
16. c3 Nc6 17. Qf2 Nb8 18. d4 Nbd7 19. d5 Nb6 20. b3 Kd7 21. Nb2 Kc8 22. c4 b4
23. a3 a5 24. axb4 axb4 25. Nd3 Nbd7 26. Ra7 Rde8 27. Rfa1 Nb8 28. R1a5 Qd8 29.
Qa2 Bf8 30. Rb5 Re7 31. Bxc5 dxc5 32. Nxc5 Rc7 33. Nxb7 Qd7 34. Nd6+ Qxd6 35.
Rxb8+ Kd7 36. Raa8 Qc5+ 37. Kh2 Qd6 38. Rd8+ 1-0

[Event "ONJK 2018 C"]
[Site "Borne, Netherlands"]
[Date "2018.08.11"]
[Round "9.2"]
[White "De Vries, Fabian"]
[Black "De Putter, Nina"]
[Result "0-1"]
[WhiteElo "1600"]
[BlackElo "1621"]
[PlyCount "62"]
[EventDate "2018.??.??"]

1. e4 d5 2. exd5 Nf6 3. d4 Nxd5 4. c4 Nb6 5. Nc3 g6 6. Nf3 Bg7 7. Be2 O-O 8.
O-O Nc6 9. d5 Na5 10. Nd2 e6 11. dxe6 Bxe6 12. c5 Nd5 13. Nxd5 Qxd5 14. Qc2 Bf5
15. Qa4 Qxc5 16. Nb3 Nxb3 17. Qxb3 Qc2 18. Bf3 Qxb3 19. axb3 c6 20. Re1 Rfe8
21. Rxe8+ Rxe8 22. Be3 a6 23. b4 Bxb2 24. Rd1 Bc3 25. Bc5 Bc2 26. Rc1 Bb2 27.
Rf1 Ba3 28. g3 a5 29. bxa5 Bxc5 30. Rc1 Bd3 31. h4 Bb4 0-1

[Event "ONJK 2018 C"]
[Site "Borne, Netherlands"]
[Date "2018.08.11"]
[Round "9.3"]
[White "Slagboom, Leandro"]
[Black "Albers, Sasa"]
[Result "1/2-1/2"]
[WhiteElo "1632"]
[BlackElo "1713"]
[PlyCount "49"]
[EventDate "2018.??.??"]

1. Nf3 Nf6 2. c4 e6 3. g3 d5 4. Bg2 c6 5. O-O Nbd7 6. b3 Be7 7. Bb2 O-O 8. e3
b6 9. Nc3 Bb7 10. Qe2 Nc5 11. d4 Nce4 12. Nd2 Nxd2 13. Qxd2 Qd7 14. Rfd1 Rfd8
15. Qe2 Rac8 16. Rac1 h6 17. e4 Nxe4 18. Nxe4 dxe4 19. Bxe4 Bf6 20. Rc2 Qe7 21.
Rcd2 Re8 22. Qf3 Rc7 23. h4 a6 24. Qg2 b5 25. Bf3 1/2-1/2

[Event "ONJK 2018 C"]
[Site "Borne, Netherlands"]
[Date "2018.08.11"]
[Round "9.4"]
[White "Beukema, Constantijn"]
[Black "Goudriaan, Rafael"]
[Result "1-0"]
[WhiteElo "1758"]
[BlackElo "1656"]
[PlyCount "43"]
[EventDate "2018.??.??"]

1. e4 e6 2. d4 d5 3. exd5 exd5 4. Bd3 Nf6 5. Nf3 Bg4 6. O-O Be7 7. Nbd2 O-O 8.
c3 c6 9. Qc2 Nbd7 10. Ne5 Be6 11. f4 g6 12. Ndf3 Nxe5 13. Nxe5 Ng4 14. f5 Nxe5
15. dxe5 Bxf5 16. Bxf5 gxf5 17. Bh6 Re8 18. Qxf5 Bf8 19. Qxf7+ Kh8 20. Rf6 Qb6+
21. Kh1 Re7 22. Qxf8+ 1-0

[Event "ONJK 2018 C"]
[Site "Borne, Netherlands"]
[Date "2018.08.11"]
[Round "9.5"]
[White "Labruyere, Roger"]
[Black "DHaenens, Leon"]
[Result "1/2-1/2"]
[WhiteElo "1733"]
[BlackElo "1565"]
[PlyCount "71"]
[EventDate "2018.??.??"]

1. e4 c5 2. Nc3 e6 3. f4 a6 4. Nf3 Qc7 5. d3 Nc6 6. Be2 d6 7. Be3 b5 8. O-O Bb7
9. Qe1 Nf6 10. h3 d5 11. e5 Nd7 12. Nd1 Be7 13. c3 h6 14. d4 c4 15. g4 g6 16.
Kh1 h5 17. Kg2 O-O-O 18. Bc1 Rh7 19. Ne3 hxg4 20. hxg4 Rdh8 21. Qg3 Qd8 22. Bd2
Bh4 23. Nxh4 Qxh4 24. Qxh4 Rxh4 25. Rh1 Rxh1 26. Rxh1 Rxh1 27. Kxh1 a5 28. Kg2
Ne7 29. Be1 Kd8 30. Bh4 Ke8 31. Bd1 Nb6 32. Bc2 Bc8 33. Bb1 b4 34. Bf6 b3 35.
a3 Na4 36. Nd1 1/2-1/2

[Event "ONJK 2018 C"]
[Site "Borne, Netherlands"]
[Date "2018.08.11"]
[Round "9.6"]
[White "Rogge, Parcival"]
[Black "De Zoeten, Cato"]
[Result "1/2-1/2"]
[WhiteElo "1728"]
[BlackElo "1472"]
[PlyCount "40"]
[EventDate "2018.??.??"]

1. e4 c5 2. Nf3 d6 3. c3 Nf6 4. Bd3 Nc6 5. Bc2 Bg4 6. h3 Bxf3 7. Qxf3 g6 8. d3
Bg7 9. Nd2 O-O 10. Nf1 b5 11. Ng3 Nd7 12. O-O b4 13. Bd2 Rb8 14. Qd1 Qa5 15.
Ne2 Rfc8 16. Bb3 Qb5 17. Bc4 Qb6 18. Nf4 Nde5 19. Bb3 a5 20. Bc1 Qd8 1/2-1/2

[Event "ONJK 2018 C"]
[Site "Borne, Netherlands"]
[Date "2018.08.11"]
[Round "9.7"]
[White "De Heij, Mees"]
[Black "Bleeker, Kasper"]
[Result "0-1"]
[WhiteElo "1516"]
[BlackElo "1897"]
[PlyCount "86"]
[EventDate "2018.??.??"]

1. d4 d5 2. c4 c6 3. Nc3 Nf6 4. Nf3 e6 5. Bg5 Nbd7 6. e3 Qa5 7. cxd5 Nxd5 8.
Rc1 Bb4 9. Qd2 N7b6 10. a3 Bxc3 11. bxc3 f6 12. c4 Qxd2+ 13. Kxd2 fxg5 14. cxd5
g4 15. Ne5 exd5 16. Be2 O-O 17. Rhf1 Be6 18. Rc3 Rae8 19. Bxg4 Bxg4 20. Nxg4
Nc4+ 21. Ke2 h5 22. Ne5 Nxe5 23. dxe5 Rxe5 24. Rb3 b6 25. Rd1 Rfe8 26. Rbd3 Kf7
27. h3 Ke6 28. f4 Re4 29. Rd4 Kf5 30. R4d3 d4 31. Kf3 Rxe3+ 32. Rxe3 Rxe3+ 33.
Kf2 c5 34. g4+ hxg4 35. hxg4+ Kxf4 36. g5 Kxg5 37. Rg1+ Kf6 38. a4 Ra3 39. a5
Rxa5 40. Rf1 c4 41. Kf3 Rf5+ 42. Ke2 d3+ 43. Ke1 d2+ 0-1

[Event "ONJK 2018 C"]
[Site "Borne, Netherlands"]
[Date "2018.08.11"]
[Round "9.8"]
[White "Hatzmann, Mirthe"]
[Black "Hubers, Daan"]
[Result "0-1"]
[WhiteElo "1378"]
[BlackElo "1567"]
[PlyCount "92"]
[EventDate "2018.??.??"]

1. e4 e5 2. Nf3 Nc6 3. Bc4 Nf6 4. Nc3 Nxe4 5. Nxe4 d5 6. Bxd5 Qxd5 7. d3 Bg4 8.
h3 Bh5 9. Nc3 Bb4 10. Bd2 Bxc3 11. Bxc3 O-O-O 12. O-O e4 13. dxe4 Qxe4 14. Nd2
Bxd1 15. Nxe4 Bxc2 16. Ng5 Rd5 17. Rac1 Rxg5 18. Rxc2 f6 19. Re1 Rd8 20. Rd2
Rxd2 21. Bxd2 Re5 22. Kf1 Rxe1+ 23. Kxe1 Kd7 24. Bc3 Ke6 25. Kd2 b5 26. a3 Ne5
27. Bd4 a6 28. b3 Kd5 29. Ke3 c5 30. Bc3 c4 31. bxc4+ Nxc4+ 32. Kd3 Nxa3 33.
Bb4 Nc4 34. Kc2 a5 35. Be1 Kc5 36. g3 b4 37. Kb3 Kb5 38. Kc2 a4 39. Kb1 a3 40.
g4 b3 41. Bc3 a2+ 42. Kc1 Ne5 43. Kd2 Kc4 44. Ba1 Nd3 45. Bc3 b2 46. Bxb2 Nxb2
0-1

[Event "ONJK 2018 C"]
[Site "Borne, Netherlands"]
[Date "2018.08.11"]
[Round "9.9"]
[White "Van Kuijk, Vadim"]
[Black "Bogouslavskii, Veronique"]
[Result "0-1"]
[WhiteElo "1545"]
[BlackElo "1105"]
[PlyCount "110"]
[EventDate "2018.??.??"]

1. d4 Nf6 2. Bf4 g6 3. Nf3 Bg7 4. e3 O-O 5. Nbd2 d6 6. Be2 b6 7. c3 Bb7 8. Qc2
Nbd7 9. O-O c5 10. Rfe1 a6 11. a4 Rc8 12. b3 Re8 13. Nc4 Qc7 14. Rad1 cxd4 15.
exd4 b5 16. axb5 axb5 17. Ncd2 Nd5 18. Bg3 Nxc3 19. Nb1 Nxd1 20. Qxc7 Rxc7 21.
Bxb5 Kf8 22. Ng5 e5 23. Rxd1 Bc6 24. Rc1 Rec8 25. Bc4 Bd5 26. dxe5 Nxe5 27. Rd1
Bxc4 28. Bxe5 Bxe5 29. bxc4 Rxc4 30. Nd2 Rc1 31. Rf1 Rxf1+ 32. Nxf1 h6 33. Nf3
f6 34. g3 d5 35. N1d2 Kg7 36. Kf1 Re8 37. h3 Bc3 38. Nb3 h5 39. Nc5 Re7 40. Nd3
d4 41. Nf4 Re8 42. Nd3 g5 43. Kg2 Kf7 44. Kf1 Kf8 45. Nc1 g4 46. hxg4 hxg4 47.
Nxd4 Bxd4 48. Nd3 Be5 49. Nc5 Ke7 50. Ne4 Ke6 51. Nc5+ Kd6 52. Nb3 Bc3 53. Nc1
Re1+ 54. Kg2 Rxc1 55. Kh2 Rc2 0-1

[Event "ONJK 2018 C"]
[Site "Borne, Netherlands"]
[Date "2018.08.11"]
[Round "9.10"]
[White "Yannopapas, Leontios"]
[Black "Westerhof, Jannes"]
[Result "1-0"]
[WhiteElo "1276"]
[BlackElo "1737"]
[PlyCount "59"]
[EventDate "2018.??.??"]

1. c4 Nf6 2. g3 g6 3. Nc3 Bg7 4. Bg2 Nc6 5. e4 e6 6. Nge2 O-O 7. O-O d6 8. d3
b6 9. e5 Bb7 10. exf6 Bxf6 11. Bh6 Re8 12. Rc1 Qd7 13. b4 Rab8 14. b5 Ne7 15.
Bxb7 Rxb7 16. Ne4 Bh8 17. Bg5 Nf5 18. Nf6+ Bxf6 19. Bxf6 e5 20. Bg5 Rc8 21. d4
Qe8 22. Re1 Qf8 23. Bf6 Re8 24. dxe5 dxe5 25. Nc3 Rbb8 26. Rxe5 Rxe5 27. Bxe5
Qe7 28. Bf4 Rd8 29. Qe1 Qc5 30. Nd5 1-0

[Event "ONJK 2018 C"]
[Site "Borne, Netherlands"]
[Date "2018.08.11"]
[Round "9.11"]
[White "Wiggers, Finn"]
[Black "Baselmans, Daan"]
[Result "0-1"]
[WhiteElo "802"]
[BlackElo "1630"]
[PlyCount "60"]
[EventDate "2018.??.??"]

1. e4 e6 2. d4 d5 3. Nc3 Bb4 4. Bd3 c5 5. exd5 cxd4 6. Bb5+ Bd7 7. Bxd7+ Qxd7
8. Qxd4 Bf8 9. Nf3 Nf6 10. dxe6 Qxe6+ 11. Be3 Nc6 12. Qh4 Bb4 13. O-O Bxc3 14.
bxc3 O-O 15. Rfe1 Qf5 16. Rac1 Rfe8 17. Qg3 Ne4 18. Qc7 Re7 19. Nd4 Rxc7 20.
Nxf5 Nxc3 21. a3 g6 22. Nd4 Nxd4 23. Bxd4 Nb5 24. Bb2 Rac8 25. a4 Nc3 26. Ra1
h5 27. h3 Nd5 28. Rad1 Rxc2 29. Ba1 Nc3 30. Rc1 Rxc1 0-1

[Event "ONJK 2018 C"]
[Site "Borne, Netherlands"]
[Date "2018.08.11"]
[Round "9.12"]
[White "De Jong, Mats"]
[Black "John, Niklas"]
[Result "0-1"]
[WhiteElo "1600"]
[BlackElo "1327"]
[PlyCount "46"]
[EventDate "2018.??.??"]

1. d4 Nf6 2. c4 g6 3. Nc3 d5 4. Nf3 Bg7 5. Bf4 Be6 6. cxd5 Bxd5 7. Nxd5 Nxd5 8.
Bg3 c5 9. e4 Qa5+ 10. Qd2 Nb4 11. Kd1 N8c6 12. a3 Nxd4 13. Nxd4 Rd8 14. Qc1
Rxd4+ 15. Ke2 Qa6+ 16. Ke3 Qe6 17. Qb1 Nd5+ 18. Ke2 Rxe4+ 19. Kd2 Rd4+ 20. Kc2
Qe4+ 21. Kb3 Qe6 22. Bc4 Rxc4 23. Kxc4 Nc3+ 0-1

[Event "ONJK 2018 C"]
[Site "Borne, Netherlands"]
[Date "2018.08.11"]
[Round "9.13"]
[White "Verheij, Dana"]
[Black "Visser, Barto"]
[Result "1-0"]
[WhiteElo "1479"]
[BlackElo "1054"]
[PlyCount "123"]
[EventDate "2018.??.??"]

1. e4 c5 2. d4 cxd4 3. c3 d3 4. Bxd3 Nc6 5. Bf4 d6 6. Ne2 Nf6 7. Nd2 Bg4 8. f3
Bd7 9. O-O e6 10. Nc4 Qc7 11. Bc2 e5 12. Be3 Be6 13. Bb3 O-O-O 14. Qc2 d5 15.
exd5 Nxd5 16. Bf2 Bd6 17. Nxd6+ Rxd6 18. Bxd5 Rxd5 19. Rfd1 Rhd8 20. Rxd5 Rxd5
21. Rd1 Qd6 22. Rxd5 Qxd5 23. b3 Kb8 24. Kf1 g6 25. Ke1 Bf5 26. Qd2 Qa5 27.
Qd6+ Qc7 28. Qf8+ Bc8 29. Bc5 Ka8 30. c4 b6 31. Bd6 Qd7 32. Nc3 Kb7 33. Nd5 Qe6
34. b4 e4 35. Kf2 exf3 36. gxf3 Ne5 37. Bxe5 Qxe5 38. Qxf7+ Ka6 39. Nc7+ Kb7
40. Nb5+ Kc6 41. Nxa7+ Kd6 42. Nxc8+ Kc6 43. Qd5+ Qxd5 44. cxd5+ Kxd5 45. Nxb6+
Kc6 46. Nc8 Kb5 47. a3 Ka4 48. Nd6 h6 49. Ke3 h5 50. Kf4 h4 51. Kg4 g5 52. Kxg5
h3 53. f4 Kxa3 54. b5 Kb3 55. b6 Kc3 56. b7 Kd3 57. b8=Q Ke3 58. Qb3+ Kf2 59.
Qxh3 Kg1 60. Kg4 Kh1 61. Kf3 Kg1 62. Qg2# 1-0